000 00301nam a22001337a 4500
008 170411b xxu||||| |||| 00| 0 eng d
020 _a032301089
041 _aeng
080 _26 ED
_a618
100 _a10
101 _aSHM
245 _aCLINICAL GYNECOLOGY ONCOLOGY
_cDISALA.P.J
942 _2udc
_cBK
999 _c10300
_d10300